[Event "TCh-FRA Top 16 Gp A"]
[Site "Marseille FRA"]
[Date "2008.03.22"]
[Round "1"]
[White "Delchev, A."]
[Black "Khenkin, I."]
[Result "0-1"]
[WhiteElo "2630"]
[BlackElo "2602"]
[PlyCount "60"]
[EventDate "2008.03.22"]
[Source "www.chesslib.no"]
[SourceDate "2004.05.04"]

1. d4 d5 2. c4 c6 3. Nc3 dxc4 4. e4 b5 5. a4 b4 6. Na2 Nf6 7. e5 Nd5 8. Bxc4 e6 9. Nf3 a5 10. O-O Ba6 11. Bxa6 Nxa6 12. Qe2 Be7 13. Bd2 O-O 14. Nc1 c5 15. Nb3 cxd4 16. Rfc1 Nc3 17. Qd3 Nc5 18. Nxc5 Bxc5 19. Ng5 g6 20. Qh3 h5 21. bxc3 dxc3 22. Be3 Be7 23. Nf3 Qd5 24. Rd1 Qb7 25. Nd4 b3 26. Nxe6 b2 27. Nxf8 Rxf8 28. Qf3 Qxf3 29. gxf3 c2 30. Kf1 Rd8 0-1

[Event "EU-chT (Men)"]
[Site "Pula"]
[Date "1997.??.??"]
[Round "8"]
[White "Yakovich, Yuri"]
[Black "Sadler, Matthew"]
[Result "1/2-1/2"]
[WhiteElo "2575"]
[BlackElo "2645"]
[PlyCount "84"]
[EventDate "1997.05.05"]
[Source "ChessBase"]

1. d4 d5 2. c4 c6 3. Nc3 dxc4 4. e4 b5 5. a4 b4 6. Na2 Nf6 7. e5 Nd5 8. Bxc4 e6 9. Nf3 Be7 10. Bd2 a5 11. Nc1 Nd7 12. Nb3 Bb7 13. Qe2 c5 14. O-O O-O 15. Bd3 cxd4 16. Rfc1 Qb6 17. Nbxd4 Rfc8 18. Bb5 Nf8 19. g3 Rc7 20. Rxc7 Nxc7 21. Bd3 Rd8 22. Re1 Na6 23. Be4 Bxe4 24. Qxe4 Bc5 25. Be3 Rd5 26. Nb3 Bxe3 27. Qxe3 Qb7 28. Nfd4 Nb8 29. Nb5 Nc6 30. f4 Ne7 31. N3d4 Nfg6 32. Nd6 Qb8 33. N4b5 Nf5 34. Nxf5 exf5 35. Nd6 Ne7 36. Kf2 h6 37. Re2 Rd1 38. Re1 Nd5 39. Qe2 Rxe1 40. Qxe1 Qa7+ 41. Kg2 Qa6 42. Kf2 Qa7+ 1/2-1/2

[Event "III Torneo NH"]
[Site "Amsterdam OLA"]
[Date "2008.08.29"]
[Round "9"]
[White "Jussupow, Ar"]
[Black "L'Ami, E."]
[Result "1/2-1/2"]
[WhiteElo "2587"]
[BlackElo "2610"]
[PlyCount "94"]
[EventDate "2008.08.20"]
[Source "www.chesslib.no"]
[SourceDate "2004.05.04"]

1. d4 d5 2. c4 c6 3. Nc3 dxc4 4. e4 b5 5. a4 b4 6. Na2 Nf6 7. e5 Nd5 8. Bxc4 e6 9. Nf3 Ba6 10. Bxa6 Nxa6 11. Bd2 Be7 12. Qe2 Qb6 13. Nc1 c5 14. Qb5+ Qxb5 15. axb5 Nac7 16. dxc5 Bxc5 17. Nd3 Bb6 18. Nxb4 Nxb4 19. Bxb4 Nxb5 20. Ke2 O-O-O 21. Ba5 Kb7 22. Bxb6 axb6 23. Rhd1 h6 24. h4 Nc7 25. h5 Rxd1 26. Rxd1 Nd5 27. Rd4 Rc8 28. Rg4 g5 29. hxg6 fxg6 30. Nd4 g5 31. g3 Rc4 32. Kd3 Rb4 33. b3 Ne7 34. f3 Nf5 35. Nxf5 Rxb3+ 36. Ke4 exf5+ 37. Kxf5 Rxf3+ 38. Kg6 Re3 39. Kxh6 Rxe5 40. Rxg5 Rxg5 41. Kxg5 b5 42. Kf4 b4 43. Ke3 Kc6 44. Kd3 Kd5 45. g4 Ke5 46. Kc4 Kf4 47. Kxb4 Kxg4 1/2-1/2

[Event "Reykjavik"]
[Site "?"]
[Date "1996.??.??"]
[Round "?"]
[White "Hjartarson, J."]
[Black "Gulko, B."]
[Result "1-0"]
[WhiteElo "2570"]
[BlackElo "2615"]
[PlyCount "87"]
[EventDate "1996.??.??"]
[Source "ChessBase"]
[SourceDate "1996.02.01"]

1. d4 d5 2. c4 c6 3. Nc3 dxc4 4. e4 b5 5. a4 b4 6. Na2 Nf6 7. f3 e5 8. dxe5 Qxd1+ 9. Kxd1 Nfd7 10. e6 fxe6 11. Bxc4 Ba6 12. Bxa6 Nxa6 13. Be3 Bc5 14. Ke2 O-O-O 15. Bg5 Nf6 16. b3 Bd4 17. Rc1 Kb7 18. Nh3 e5 19. Rhd1 c5 20. Be3 Bxe3 21. Rxd8 Rxd8 22. Kxe3 h6 23. Nf2 Rd6 24. Rc2 Nd7 25. Nc1 h5 26. Nfd3 g5 27. Nb2 g4 28. Ncd3 gxf3 29. gxf3 Rg6 30. Nc4 Rg1 31. Rb2 Nc7 32. Ncxe5 Nxe5 33. Nxe5 Re1+ 34. Kf2 Rh1 35. Kg2 Rc1 36. f4 Ne6 37. f5 Ng5 38. f6 Kc7 39. f7 Nh7 40. Ng6 Re1 41. e5 Kc6 42. Kf2 Re4 43. Re2 Rg4 44. e6 1-0

[Event "60th ch-RUS Higher League"]
[Site "Krasnoyarsk RUS"]
[Date "2007.09.06"]
[Round "4"]
[White "Volkov, Sergey1"]
[Black "Popov, Iv RUS"]
[Result "0-1"]
[WhiteElo "2659"]
[BlackElo "2524"]
[PlyCount "92"]
[EventDate "2007.09.03"]
[Source "www.chesslib.no"]
[SourceDate "2004.05.04"]

1. d4 d5 2. c4 c6 3. Nc3 dxc4 4. e4 e5 5. Nf3 exd4 6. Qxd4 Qxd4 7. Nxd4 b5 8. a4 b4 9. Nd1 Ba6 10. Ne3 Bc5 11. Ndc2 b3 12. Na3 Nf6 13. Bxc4 Nxe4 14. O-O O-O 15. Rd1 Bxc4 16. Naxc4 Bb4 17. Nf5 Na6 18. Be3 Nc7 19. Rd7 Nd5 20. Bd4 Nc5 21. Rd6 Ne6 22. Rxc6 Rfc8 23. Rxc8+ Rxc8 24. Nce3 Nxe3 25. fxe3 Rc2 26. Rd1 Nxd4 27. Rxd4 Bf8 28. Rd7 Rxb2 29. Ne7+ Bxe7 30. Rxe7 Kf8 31. Rb7 a5 32. h3 Rb1+ 33. Kh2 b2 34. Kg3 g6 35. Kf2 Ke8 36. e4 Kd8 37. e5 h5 38. Kg3 Kc8 39. Rb6 Kc7 40. Rb5 g5 41. Rb3 Kd7 42. Rb6 Ke7 43. h4 gxh4+ 44. Kh2 Kd7 45. Rb3 Ke6 46. Rb5 Kf5 0-1

[Event "Capablanca mem Elite 39th"]
[Site "Havana"]
[Date "2004.05.11"]
[Round "5"]
[White "Morovic Fernandez, Ivan"]
[Black "Felgaer, Ruben"]
[Result "1/2-1/2"]
[WhiteElo "2583"]
[BlackElo "2592"]
[PlyCount "60"]
[EventDate "2004.05.06"]
[Source "ChessBase"]
[SourceDate "2004.07.27"]

1. d4 d5 2. c4 c6 3. Nc3 dxc4 4. e4 b5 5. a4 b4 6. Na2 Nf6 7. e5 Nd5 8. Bxc4 e6 9. Nf3 Be7 10. Bd2 Ba6 11. Qc2 Bxc4 12. Qxc4 Nb6 13. Qc2 a5 14. Nc1 Qd5 15. Nb3 N8d7 16. Be3 Qc4 17. Qxc4 Nxc4 18. Nfd2 Ndb6 19. Nxc4 Nxc4 20. Ke2 Kd7 21. Rhc1 Nb6 22. Rc2 Nd5 23. Bd2 f5 24. exf6 gxf6 25. Rac1 Rhc8 26. Bh6 Bd6 27. g3 Nb6 28. Ra1 Rg8 29. Kf3 Nd5 30. Rac1 Rgc8 1/2-1/2

[Event "Linares Anibal op 4th"]
[Site "Linares"]
[Date "1997.??.??"]
[Round "8"]
[White "Jussupow, Artur"]
[Black "Vera, Reynaldo"]
[Result "1-0"]
[WhiteElo "2665"]
[BlackElo "2510"]
[PlyCount "59"]
[EventDate "1997.02.??"]
[Source "ChessBase"]

1. d4 d5 2. c4 c6 3. Nc3 dxc4 4. e4 b5 5. a4 b4 6. Na2 Nf6 7. e5 Nd5 8. Bxc4 e6 9. Ne2 Bb7 10. O-O c5 11. Bd2 Nd7 12. a5 Rc8 13. a6 Ba8 14. Rc1 Be7 15. dxc5 O-O 16. Nxb4 Nxe5 17. Bxd5 exd5 18. Bc3 Ng6 19. Bd4 Qa5 20. Nd3 Qxa6 21. Ra1 Qb7 22. Qa4 Rfe8 23. Ng3 Bf8 24. b4 f5 25. Qxa7 Qb5 26. Rfd1 f4 27. Nf5 Qc6 28. Ra6 Qb5 29. h4 Re4 30. Nd6 1-0

[Event "It (Men) Montreal CAN"]
[Site "?"]
[Date "2005.08.10"]
[Round "7"]
[White "Shipov Sergei"]
[Black "Kogan Artur"]
[Result "1/2-1/2"]
[WhiteElo "2582"]
[BlackElo "2580"]
[PlyCount "35"]
[EventDate "2005.??.??"]
[Source "www.chesslib.no"]
[SourceDate "2004.05.04"]

1. d4 d5 2. c4 c6 3. Nc3 dxc4 4. e4 b5 5. a4 b4 6. Nb1 Ba6 7. Be3 Nf6 8. f3 e6 9. Nd2 c3 10. bxc3 bxc3 11. Nb3 Bb4 12. Kf2 Nfd7 13. Bxa6 Nxa6 14. Ne2 c5 15. Qd3 Qc8 16. Nxc5 Naxc5 17. dxc5 Bxc5 18. Qxc3 1/2-1/2

[Event "Pappier Memorial A"]
[Site "CAPA email"]
[Date "1998.??.??"]
[Round "?"]
[White "Al Thani, Mohammed Bin Khalid"]
[Black "Hebert, Jean"]
[Result "1/2-1/2"]
[WhiteElo "2630"]
[BlackElo "2510"]
[PlyCount "58"]
[EventDate "1998.??.??"]
[Source "www.chesslib.no"]
[SourceDate "2004.05.04"]

1. d4 d5 2. c4 c6 3. Nc3 dxc4 4. e4 b5 5. a4 b4 6. Na2 Nf6 7. e5 Nd5 8. Bxc4 e6 9. Nf3 Be7 10. h4 Ba6 11. Bxa6 Nxa6 12. Bg5 c5 13. Qd3 Qb6 14. Nc1 Rc8 15. Qb5+ Qc6 16. Nb3 f6 17. Be3 c4 18. Na5 Qxb5 19. axb5 Nb8 20. Nb7 c3 21. bxc3 Nxc3 22. Rxa7 Nxb5 23. Ra8 Nc7 24. Ra1 Nd5 25. Na5 Kd7 26. Ke2 Nxe3 27. Kxe3 Rc2 28. exf6 gxf6 29. Ne1 Rc3+ 1/2-1/2

[Event "Saint Petersburg RUS"]
[Site "?"]
[Date "2006.06.08"]
[Round "6"]
[White "Vitiugov Nikita"]
[Black "Yevseev Denis"]
[Result "1-0"]
[WhiteElo "2550"]
[BlackElo "2580"]
[PlyCount "69"]
[EventDate "2006.??.??"]
[Source "www.chesslib.no"]
[SourceDate "2004.05.04"]

1. d4 d5 2. c4 c6 3. Nc3 dxc4 4. e4 b5 5. a4 b4 6. Na2 Nf6 7. e5 Nd5 8. Bxc4 e6 9. Nf3 Be7 10. Bd2 a5 11. Nc1 Nd7 12. Nb3 h6 13. O-O Bb7 14. Qe2 Kf8 15. Be3 g6 16. Nc5 Nxc5 17. dxc5 Nxe3 18. Qxe3 Ba6 19. Bxa6 Rxa6 20. Rad1 Qc7 21. Rd6 Kg7 22. Rfd1 Rd8 23. Qd4 Raa8 24. Nd2 Qa7 25. Ne4 b3 26. Qc3 Rab8 27. g3 Rb4 28. Nf6 Qb8 29. Rxd8 Bxd8 30. Ne8+ Kf8 31. Nd6 Rxa4 32. Qf3 Qc7 33. Nxf7 Qxf7 34. Rxd8+ Kg7 35. Qxc6 1-0

[Event "Cup Russia"]
[Site "Serpukhov RUS"]
[Date "2007.11.06"]
[Round "1.2"]
[White "Yakovich, Yur"]
[Black "Popov, Iv RUS"]
[Result "1/2-1/2"]
[WhiteElo "2581"]
[BlackElo "2539"]
[PlyCount "67"]
[EventDate "2007.11.05"]
[Source "www.chesslib.no"]
[SourceDate "2004.05.04"]

1. d4 d5 2. c4 c6 3. Nc3 dxc4 4. e4 e5 5. Nf3 exd4 6. Qxd4 Qxd4 7. Nxd4 b5 8. a4 b4 9. Nd1 Ba6 10. Be3 Nf6 11. f3 Nfd7 12. Rc1 Nc5 13. Bxc4 Bxc4 14. Rxc4 Nxa4 15. Nxc6 Nxc6 16. Rxc6 Kd7 17. Rc2 Bd6 18. b3 Nc3 19. Nxc3 bxc3 20. Ke2 Bb4 21. Bd4 Rhc8 22. Kd3 Rc6 23. Bxg7 f6 24. Bh6 f5 25. Bg7 Ke6 26. exf5+ Kxf5 27. Rhc1 Rd8+ 28. Ke2 Rg6 29. g4+ Kf4 30. Bxc3 Re6+ 31. Kf1 Bxc3 32. Rxc3 Rd2 33. Ra1 Rxh2 34. Ra4+ 1/2-1/2

[Event "TCh-CRO"]
[Site "Rabac"]
[Date "2004.09.09"]
[Round "5"]
[White "Shariyazdanov, Andrey"]
[Black "Horvath, Csaba"]
[Result "1-0"]
[WhiteElo "2572"]
[BlackElo "2546"]
[PlyCount "120"]
[EventDate "2004.06.21"]
[Source "Roberto Alvarez"]
[SourceDate "2004.09.21"]

1. d4 d5 2. c4 c6 3. Nc3 dxc4 4. e4 b5 5. a4 b4 6. Na2 Nf6 7. e5 Nd5 8. Bxc4 e6 9. Nf3 Be7 10. O-O Bb7 11. Bd2 a5 12. Nc1 Nd7 13. Nb3 h6 14. Qe2 Kf8 15. Be3 g6 16. Nfd2 c5 17. Nxc5 Bxc5 18. dxc5 Nxe3 19. Qxe3 Qg5 20. Qxg5 hxg5 21. Bb5 Nxe5 22. Rfe1 f6 23. c6 Bc8 24. Ne4 Ke7 25. Nxg5 Rd8 26. Ne4 Ra7 27. Rad1 Rxd1 28. Rxd1 Rc7 29. Nd2 Nxc6 30. Nb3 Bd7 31. f4 e5 32. fxe5 Nxe5 33. Bxd7 Nxd7 34. Nxa5 Ne5 35. Nb3 Ra7 36. Nc5 Rc7 37. Rc1 g5 38. h3 f5 39. Nd3 Rxc1+ 40. Nxc1 Kd6 41. Kf2 Kd5 42. Ke2 Kc4 43. Kd2 f4 44. b3+ Kd4 45. Ne2+ Ke4 46. Ng1 g4 47. hxg4 Nxg4 48. a5 Ne5 49. a6 Nc6 50. Ne2 Kd5 51. Nxf4+ Kc5 52. g4 Kb6 53. g5 Kxa6 54. g6 Ne7 55. g7 Kb5 56. Nh5 Ng8 57. Kd3 Kc5 58. Ke4 Kd6 59. Kf5 Ke7 60. Kg6 Ke6 1-0

[Event "Gausdal Int"]
[Site "Gausdal NOR"]
[Date "1994.??.??"]
[Round "7"]
[White "Sadler, Matthew"]
[Black "Horvath, Csaba"]
[Result "1-0"]
[WhiteElo "2560"]
[BlackElo "2535"]
[PlyCount "69"]
[EventDate "1994.07.??"]
[Source "www.chesslib.no"]
[SourceDate "2004.05.04"]

1. d4 d5 2. c4 c6 3. Nc3 dxc4 4. e4 b5 5. a4 b4 6. Na2 Nf6 7. f3 b3 8. Nc3 Ba6 9. g4 e5 10. dxe5 Nfd7 11. f4 Qh4+ 12. Ke2 Bc5 13. Be3 O-O 14. Nf3 Qe7 15. Nd4 g6 16. g5 Rd8 17. h4 Bb7 18. h5 Nxe5 19. fxe5 Bxd4 20. Bxd4 c5 21. Bxc5 Rxd1 22. Bxe7 Rxa1 23. hxg6 fxg6 24. Ke3 Re1+ 25. Kd2 Rxf1 26. Rxf1 Nc6 27. Bd6 Nd4 28. Rf6 Rd8 29. Nd5 Kg7 30. Kc3 Ne2+ 31. Kxc4 Ng3 32. Kd4 Rc8 33. e6 Ne2+ 34. Ke5 Rc2 35. Rf7+ 1-0

[Event "ISR-ch"]
[Site "Ramat Aviv"]
[Date "1998.11.10"]
[Round "2.2"]
[White "Avrukh, Boris"]
[Black "Soffer, Ram"]
[Result "1-0"]
[WhiteElo "2565"]
[BlackElo "2520"]
[PlyCount "71"]
[EventDate "1998.11.08"]
[Source "ChessBase"]
[SourceDate "1999.02.01"]

1. d4 d5 2. c4 c6 3. Nc3 dxc4 4. e4 b5 5. a4 b4 6. Na2 Nf6 7. e5 Nd5 8. Bxc4 Bf5 9. Bg5 h6 10. Bh4 Nf4 11. Bg3 Be6 12. Bxe6 Nxe6 13. Ne2 a5 14. O-O g6 15. Nec1 Na6 16. Nb3 h5 17. Qc2 Qd5 18. Nxa5 h4 19. Bf4 Rc8 20. Nc4 h3 21. Ne3 Qd7 22. Rac1 hxg2 23. Rfd1 Bh6 24. Bxh6 Rxh6 25. Qe4 Ng5 26. Qxg2 Nh3+ 27. Kf1 Kf8 28. d5 cxd5 29. Qxd5 Qe8 30. Rxc8 Qxc8 31. Rc1 Qe8 32. Rc6 Qa8 33. Rb6 Qxd5 34. Nxd5 Nc5 35. a5 Kg7 36. a6 1-0

[Event "1st Pfalz Open"]
[Site "Neustadt a.d. Weinstrasse GER"]
[Date "2008.02.22"]
[Round "8"]
[White "Borovikov, V."]
[Black "Starostits, I."]
[Result "1/2-1/2"]
[WhiteElo "2583"]
[BlackElo "2500"]
[PlyCount "41"]
[EventDate "2008.02.16"]
[Source "www.chesslib.no"]
[SourceDate "2004.05.04"]

1. d4 d5 2. c4 c6 3. Nc3 dxc4 4. e4 Nf6 5. e5 Nd5 6. Bxc4 Bf5 7. Nge2 e6 8. O-O Nd7 9. Nxd5 cxd5 10. Bb3 h5 11. Ng3 g6 12. Nxf5 gxf5 13. Bf4 Rc8 14. Qd2 Nb8 15. Rfc1 Nc6 16. Ba4 Qb6 17. a3 Be7 18. b4 Kd7 19. Qd3 Kd8 20. Rd1 Kc7 21. Bxc6 1/2-1/2

[Event "Haarlem AKN op"]
[Site "Haarlem"]
[Date "1998.??.??"]
[Round "6"]
[White "Horvath, Jozsef"]
[Black "Khenkin, Igor"]
[Result "0-1"]
[WhiteElo "2515"]
[BlackElo "2565"]
[PlyCount "64"]
[EventDate "1998.07.01"]
[Source "www.chesslib.no"]
[SourceDate "2004.05.04"]

1. d4 d5 2. c4 c6 3. Nc3 dxc4 4. e4 b5 5. a4 b4 6. Na2 Nf6 7. f3 e5 8. dxe5 Qxd1+ 9. Kxd1 Nfd7 10. e6 fxe6 11. Bxc4 Nb6 12. Be2 a5 13. b3 c5 14. Be3 N8d7 15. Nh3 c4 16. bxc4 Nxa4 17. Kc2 Bc5 18. Bxc5 Ndxc5 19. Nc1 Bd7 20. Nf2 Ke7 21. Nfd3 Rhb8 22. Nxc5 Nxc5 23. Nd3 Nxd3 24. Bxd3 a4 25. Rhb1 a3 26. Kd2 e5 27. Bc2 Kd6 28. Bb3 Kc5 29. Kc2 Be6 30. Rd1 Rd8 31. Rac1 Rxd1 32. Rxd1 Bxc4 0-1

[Event "7th Amplico AIG Life 3rd-4th"]
[Site "Warsaw POL"]
[Date "2007.12.16"]
[Round "1"]
[White "Moranda, W."]
[Black "Peralta, Fe"]
[Result "1/2-1/2"]
[WhiteElo "2533"]
[BlackElo "2546"]
[PlyCount "63"]
[EventDate "2007.12.16"]
[Source "www.chesslib.no"]
[SourceDate "2004.05.04"]

1. d4 d5 2. c4 c6 3. Nc3 dxc4 4. e4 b5 5. a4 b4 6. Na2 Nf6 7. e5 Nd5 8. Bxc4 e6 9. Nf3 a5 10. Bd2 Ba6 11. Qe2 Be7 12. Nc1 Bxc4 13. Qxc4 Nb6 14. Qc2 Qd5 15. O-O N8d7 16. Nd3 c5 17. dxc5 Nxc5 18. Nxc5 Qxc5 19. Qe4 O-O 20. Be3 Qc4 21. Nd4 Nd5 22. Rfc1 Qa6 23. Rc6 Qb7 24. Rac1 Rfc8 25. Bd2 Rxc6 26. Nxc6 Bf8 27. Qc4 Qd7 28. Qb5 Nc7 29. Qe2 Nd5 30. Qb5 Nc7 31. Qe2 Nd5 32. Qb5 1/2-1/2

[Event "Dubai op"]
[Site "Dubai"]
[Date "1999.05.05"]
[Round "5"]
[White "Kuzmin, Alexey"]
[Black "Rausis, Igors"]
[Result "1-0"]
[WhiteElo "2559"]
[BlackElo "2508"]
[PlyCount "71"]
[EventDate "1999.05.??"]
[Source "ChessBase"]
[SourceDate "1999.07.10"]

1. d4 d5 2. c4 c6 3. Nc3 dxc4 4. e4 b5 5. a4 b4 6. Na2 Nf6 7. e5 Nd5 8. Bxc4 Bf5 9. Bg5 h6 10. Bh4 g5 11. Bg3 h5 12. h4 g4 13. Ne2 e6 14. Nac1 a5 15. Nb3 Be7 16. Nec1 Nd7 17. Bd3 Nf8 18. Qc2 Qc8 19. Nc5 Ng6 20. N1b3 O-O 21. O-O-O Bxc5 22. dxc5 Rd8 23. Rhe1 Nde7 24. Bxf5 Nxf5 25. Rd6 Qa6 26. Kb1 Nxd6 27. exd6 e5 28. Qf5 Qc4 29. Ka2 Re8 30. Qxh5 Kg7 31. Rxe5 f6 32. Rxe8 Rxe8 33. Qf5 Re2 34. h5 Nf8 35. d7 Qc3 36. Qxg4+ 1-0

[Event "Open A"]
[Site "Riga"]
[Date "2004.08.21"]
[Round "9"]
[White "Fridman, Daniel"]
[Black "Starostits, Ilmars"]
[Result "0-1"]
[WhiteElo "2590"]
[BlackElo "2469"]
[PlyCount "74"]
[EventDate "2004.08.15"]
[Source "Roberto Alvarez"]
[SourceDate "2004.09.06"]

1. d4 d5 2. c4 c6 3. Nc3 dxc4 4. e4 b5 5. a4 b4 6. Nce2 Nf6 7. Ng3 Ba6 8. Nf3 e6 9. Bg5 Qa5 10. Be2 Nbd7 11. O-O h6 12. Bxf6 gxf6 13. Nd2 Nb6 14. Qc1 O-O-O 15. Bxc4 Nxc4 16. Nxc4 Qc7 17. Rd1 h5 18. Qc2 h4 19. Nf1 Kb8 20. Rd3 h3 21. g3 c5 22. d5 f5 23. Nfe3 fxe4 24. Rd2 Bb7 25. Rad1 Bg7 26. dxe6 Rxd2 27. Qxd2 Bd4 28. exf7 Qxf7 29. Nd6 Qb3 30. Nxb7 Kxb7 31. Qe2 Qxa4 32. Nf5 Rd8 33. b3 Qc6 34. Re1 e3 35. fxe3 Bc3 36. Rf1 Rd2 37. Nd6+ Rxd6 0-1

[Event "RUS-ch 54th"]
[Site "Elista"]
[Date "2001.05.09"]
[Round "9"]
[White "Baikov, Vladimir A"]
[Black "Rustemov, Alexander"]
[Result "1/2-1/2"]
[WhiteElo "2431"]
[BlackElo "2625"]
[PlyCount "49"]
[EventDate "2001.04.29"]
[Source "ChessBase"]
[SourceDate "2001.07.05"]

1. d4 d5 2. c4 c6 3. Nc3 dxc4 4. e4 b5 5. a4 b4 6. Na2 Nf6 7. e5 Nd5 8. Bxc4 e6 9. Nf3 Be7 10. Bd2 a5 11. Nc1 Nd7 12. Nb3 Bb7 13. O-O h6 14. Qe2 Qb6 15. Rfc1 Kf8 16. Ne1 g6 17. Nd3 Kg7 18. Rc2 Qd8 19. Bxd5 cxd5 20. Ndc5 Nxc5 21. Nxc5 Bc8 22. Rac1 Ra7 23. Qf3 h5 24. h3 h4 25. b3 1/2-1/2

[Event "Deutschland"]
[Site "?"]
[Date "1994.??.??"]
[Round "?"]
[White "Dautov, R."]
[Black "Cuijpers, F."]
[Result "1-0"]
[WhiteElo "2630"]
[BlackElo "2425"]
[PlyCount "81"]
[EventDate "1994.??.??"]
[Source "ChessBase"]
[SourceDate "1995.02.01"]

1. d4 d5 2. c4 c6 3. Nc3 dxc4 4. e4 b5 5. a4 b4 6. Na2 e5 7. Nf3 exd4 8. Bxc4 Ba6 9. Bxa6 Nxa6 10. Qxd4 Qxd4 11. Nxd4 Ne7 12. Be3 c5 13. Nb3 Nc6 14. Rc1 Ne5 15. Ke2 c4 16. Nd2 b3 17. Nc3 Nd3 18. Rb1 Rc8 19. Nb5 Be7 20. Nxa7 Rc7 21. Nb5 Rc6 22. Nd4 Rc8 23. Nf5 Nab4 24. Bd4 Kd7 25. Ne3 Ke6 26. Ndxc4 Rhd8 27. Bc3 Nf4+ 28. Kf3 Nbd3 29. h4 g6 30. g3 Nh5 31. Rhd1 f5 32. exf5+ gxf5 33. Ba5 Rd7 34. Ke2 Nc5 35. Nb6 Rxd1 36. Rxd1 Rf8 37. Ned5 Bd6 38. Nc4 Bb8 39. Bb4 Rc8 40. Ncb6 Rc6 41. Rc1 1-0

[Event "ESP-chT"]
[Site "Ponferrada"]
[Date "1997.??.??"]
[Round "8"]
[White "Cramling, Pia"]
[Black "Nogueiras, Jesus"]
[Result "1/2-1/2"]
[WhiteElo "2520"]
[BlackElo "2535"]
[PlyCount "88"]
[EventDate "1997.08.29"]
[Source "ChessBase"]
[SourceDate "1997.11.24"]

1. d4 d5 2. c4 c6 3. Nc3 dxc4 4. e4 b5 5. a4 b4 6. Na2 Nf6 7. e5 Nd5 8. Bxc4 e6 9. Nf3 Be7 10. O-O Bb7 11. Bd2 a5 12. Nc1 Nd7 13. Re1 c5 14. Nb3 N5b6 15. Bb5 O-O 16. Be3 c4 17. Nc5 Bd5 18. Nd2 Rc8 19. Nde4 Nxc5 20. dxc5 Nd7 21. Bxd7 Qxd7 22. Nd6 Bxd6 23. exd6 Qc6 24. Qg4 f5 25. Qg3 Rf6 26. f3 Rg6 27. Qe5 Bxf3 28. g3 Qd7 29. h3 Bb7 30. Kh2 h6 31. Re2 Qc6 32. Rd2 Rd8 33. Rf2 Rd7 34. Qf4 Kh7 35. Qe5 f4 36. Bxf4 Rf6 37. Rg1 Rdf7 38. h4 g5 39. hxg5 hxg5 40. Qxg5 e5 41. Qh5+ Kg8 42. Qg5+ Kh7 43. Qh5+ Kg8 44. Qg5+ Kh7 1/2-1/2

[Event "Hotel Irottko GM"]
[Site "Koszeg"]
[Date "1999.06.26"]
[Round "4"]
[White "Zontakh, Andrey"]
[Black "Varga, Zoltan"]
[Result "0-1"]
[WhiteElo "2530"]
[BlackElo "2518"]
[PlyCount "112"]
[EventDate "1999.06.23"]
[Source "www.chesslib.no"]
[SourceDate "2004.05.04"]

1. d4 d5 2. c4 c6 3. Nc3 dxc4 4. e4 b5 5. a4 b4 6. Na2 Nf6 7. e5 Nd5 8. Bxc4 e6 9. Nf3 Be7 10. O-O O-O 11. Bd2 a5 12. Nc1 Ba6 13. Bxa6 Nxa6 14. Nb3 c5 15. Rc1 Qb6 16. Rc4 cxd4 17. Nfxd4 Rfc8 18. Qc2 Rxc4 19. Qxc4 Nc5 20. Nxc5 Qxc5 21. Qxc5 Bxc5 22. Nb3 Bf8 23. f4 Nb6 24. Be3 Nxa4 25. Bd4 Rc8 26. Nxa5 Rd8 27. b3 Rxd4 28. bxa4 Rd3 29. Ra1 Ra3 30. Rxa3 bxa3 31. Nb3 a2 32. Kf2 g5 33. Kf3 gxf4 34. Kxf4 Bb4 35. Ke4 Bc3 36. g4 Kf8 37. h4 Kg7 38. Kf4 a1=Q 39. Nxa1 Bxa1 40. a5 Bd4 41. a6 Kg6 42. Ke4 Bg1 43. Kf4 Ba7 44. Kf3 h5 45. Kf4 Bb8 46. Kf3 Kh6 47. g5+ Kg7 48. Ke4 Kf8 49. Kf3 Ke7 50. Kf4 Ke8 51. Ke4 Kd7 52. Kf4 Kc6 53. g6 fxg6 54. Kg5 Bxe5 55. Kxg6 Bh8 56. Kxh5 e5 0-1

[Event "Viking op"]
[Site "Aaland-Stockholm"]
[Date "1997.??.??"]
[Round "?"]
[White "Razuvaev, Yuri S"]
[Black "Rausis, Igors"]
[Result "1/2-1/2"]
[WhiteElo "2555"]
[BlackElo "2490"]
[PlyCount "22"]
[EventDate "1997.08.??"]
[Source "www.chesslib.no"]
[SourceDate "2004.05.04"]

1. d4 d5 2. c4 c6 3. Nc3 dxc4 4. e4 b5 5. a4 b4 6. Na2 e5 7. Nf3 exd4 8. Bxc4 Ba6 9. Qb3 Bxc4 10. Qxc4 c5 11. O-O Nd7 1/2-1/2

[Event "Sevilla op"]
[Site "Sevilla"]
[Date "1999.??.??"]
[Round "4"]
[White "Yakovich, Yuri"]
[Black "Stefanova, Antoaneta"]
[Result "1/2-1/2"]
[WhiteElo "2565"]
[BlackElo "2475"]
[PlyCount "92"]
[EventDate "1999.??.??"]
[Source "ChessBase"]
[SourceDate "1999.04.01"]

1. d4 d5 2. c4 c6 3. Nc3 dxc4 4. e4 b5 5. a4 b4 6. Na2 e5 7. Nf3 exd4 8. Bxc4 Ba6 9. Bxa6 Nxa6 10. Qxd4 Qxd4 11. Nxd4 c5 12. Nb5 Nf6 13. f3 Be7 14. Be3 O-O 15. Ke2 Nd7 16. Rhd1 Ne5 17. Rac1 Nc6 18. f4 Rfd8 19. Rd5 Bf6 20. Rxd8+ Rxd8 21. b3 Na5 22. Rb1 Rd7 23. Nc1 Be7 24. Nd3 f6 25. e5 fxe5 26. Nxe5 Rb7 27. Nd3 Bf8 28. f5 Re7 29. Kf3 c4 30. bxc4 Nxc4 31. Bf4 Rd7 32. Ke4 Nb6 33. a5 Na4 34. Rc1 N6c5+ 35. Nxc5 Nxc5+ 36. Ke3 b3 37. Rb1 Rd3+ 38. Ke2 a6 39. Nc7 Rc3 40. Ne6 Nxe6 41. fxe6 Ba3 42. Bd2 Rc6 43. Rxb3 Rxe6+ 44. Kf3 Bc5 45. Rc3 Rf6+ 46. Ke4 Rf2 1/2-1/2

[Event "NOR-ch"]
[Site "Asker"]
[Date "2000.07.15"]
[Round "9"]
[White "Ostenstad, Berge"]
[Black "Agdestein, Simen"]
[Result "0-1"]
[WhiteElo "2447"]
[BlackElo "2588"]
[PlyCount "104"]
[EventDate "2000.07.08"]
[Source "ChessBase"]
[SourceDate "2000.09.14"]

1. d4 d5 2. c4 c6 3. Nc3 dxc4 4. e4 b5 5. a4 b4 6. Na2 Nf6 7. e5 Nd5 8. Bxc4 e6 9. Ne2 Bb7 10. O-O c5 11. Bd2 Nd7 12. a5 Rc8 13. Qa4 a6 14. Rfc1 Be7 15. dxc5 O-O 16. Nxb4 Nxb4 17. Bxb4 Bxc5 18. Bxc5 Rxc5 19. f4 g5 20. Rd1 Bc6 21. Qb4 Qc7 22. Nd4 Rb8 23. Qc3 Bd5 24. b3 gxf4 25. Nf3 Bxc4 26. bxc4 Nxe5 27. Nxe5 Rxe5 28. Rd4 Qc5 29. Kh1 Re3 30. Qd2 Qf5 31. Rd8+ Rxd8 32. Qxd8+ Kg7 33. Rf1 Re2 34. Qd4+ e5 35. Qd5 h5 36. c5 h4 37. h3 Rc2 38. Qd6 Qe4 39. Rg1 Rc3 40. Qd7 Rxc5 41. Qg4+ Qg6 42. Qxh4 Rxa5 43. Qe7 Rd5 44. Re1 Qg3 45. Rg1 a5 46. Qb7 Qd3 47. Qc8 a4 48. Qa8 a3 49. Ra1 Qc3 50. Rg1 Rd2 51. Qe4 a2 52. Qf5 Rd6 0-1

[Event "It (open) (a)"]
[Site "?"]
[Date "2005.07.29"]
[Round "8"]
[White "Stocek Jiri"]
[Black "Hasangatin Ramil"]
[Result "1/2-1/2"]
[WhiteElo "2592"]
[BlackElo "2437"]
[PlyCount "162"]
[EventDate "2005.??.??"]
[Source "www.chesslib.no"]
[SourceDate "2004.05.04"]

1. d4 d5 2. c4 c6 3. Nc3 dxc4 4. e4 b5 5. a4 b4 6. Nb1 Ba6 7. Nf3 Nf6 8. e5 Nd5 9. Bg5 Qa5 10. Qc1 h6 11. Be3 e6 12. Bxc4 Nd7 13. Nbd2 Rc8 14. O-O Be7 15. Ne4 Bxc4 16. Qxc4 O-O 17. Bd2 c5 18. dxc5 Nxc5 19. Ng3 Kh8 20. Nh5 Rg8 21. Nf4 Nd7 22. Qd3 Nxf4 23. Bxf4 Nb6 24. Qb5 Qxb5 25. axb5 Nd5 26. Rxa7 Rb8 27. Bd2 Rgc8 28. Rc1 Rxc1+ 29. Bxc1 Rxb5 30. h4 Rc5 31. Be3 Rc8 32. Bd4 Kg8 33. g3 h5 34. Kf1 Kh7 35. Ke2 Kg6 36. Kd3 Kf5 37. Be3 Kg6 38. Bd4 Rd8 39. Ke4 Rc8 40. Ne1 Rc4 41. Kd3 Rc1 42. Kd2 Rc4 43. Kd3 Rc1 44. Ng2 Bc5 45. Bxc5 Rxc5 46. Rb7 Rc1 47. Ne3 Nxe3 48. Kxe3 Re1+ 49. Kd3 Rxe5 50. Rxb4 Rf5 51. Ke3 Rc5 52. Kd3 Rc1 53. Re4 Rf1 54. Re2 Kf6 55. b4 Ke7 56. Rd2 Rc1 57. Rc2 Rb1 58. Kc4 f6 59. Kb5 g5 60. Ka5 Ra1+ 61. Kb6 Kd6 62. b5 gxh4 63. gxh4 Ra4 64. Kb7 Rxh4 65. b6 Rb4 66. Ka7 Ra4+ 67. Kb8 Rb4 68. b7 e5 69. Kc8 e4 70. b8=Q+ Rxb8+ 71. Kxb8 f5 72. Rc8 f4 73. Rh8 Ke5 74. Rxh5+ Kd4 75. Rf5 f3 76. Kc7 Kd3 77. Ra5 e3 78. Ra3+ Kd2 79. Ra2+ Kd3 80. Ra3+ Kd2 81. Ra2+ Kd3 1/2-1/2